Le Christ dans l'histoire selon le pape Pie XI : (Record n. 27804)

Dettagli MARC
000 -LEADER
fixed length control field 01032nam a2200301 i 4500
003 - CONTROL NUMBER IDENTIFIER
control field IT-RoINE
005 - DATE AND TIME OF LATEST TRANSACTION
control field 20190109063123.0
008 - FIXED-LENGTH DATA ELEMENTS--GENERAL INFORMATION
fixed length control field 081218s2008 fr |||||r |||1|||fre|d
020 ## - INTERNATIONAL STANDARD BOOK NUMBER
International Standard Book Number 9782204085724
040 ## - CATALOGING SOURCE
Transcribing agency IT-RoINE
Modifying agency IT-RoINE
100 1# - MAIN ENTRY--PERSONAL NAME
Personal name Desouche, Marie Therese,
Dates associated with a name 1945-
9 (RLIN) 54810
245 13 - TITLE STATEMENT
Title Le Christ dans l'histoire selon le pape Pie XI :
Remainder of title un prélude à Vatican II? /
Statement of responsibility, etc Marie-Thérèse Desouche ; préface de Mgr Claude Dagens.
260 ## - PUBLICATION, DISTRIBUTION, ETC. (IMPRINT)
Place of publication, distribution, etc Paris :
Name of publisher, distributor, etc Cerf,
Date of publication, distribution, etc 2008.
300 ## - PHYSICAL DESCRIPTION
Extent 778 p. ;
Dimensions 22 cm.
336 ## - CONTENT TYPE
Source rdacontent
Content type term text
337 ## - MEDIA TYPE
Source rdamedia
Media type term unmediated
338 ## - CARRIER TYPE
Source rdacarrier
Carrier type term volume
490 1# - SERIES STATEMENT
Series statement Cogitatio fidei ;
Volume number/sequential designation 265
500 ## - GENERAL NOTE
General note Include índices.
504 ## - BIBLIOGRAPHY, ETC. NOTE
Bibliography, etc Bibliografía: p. [725]-762.
600 04 - SUBJECT ADDED ENTRY--PERSONAL NAME
9 (RLIN) 6725
Personal name Pío
Numeration XI,
Titles and other words associated with a name Papa,
Dates associated with a name 1857-1939
610 24 - SUBJECT ADDED ENTRY--CORPORATE NAME
9 (RLIN) 52105
Corporate name or jurisdiction name as entry element Iglesia Católica
General subdivision Historia
Chronological subdivision Siglo 19o.
650 #4 - SUBJECT ADDED ENTRY--TOPICAL TERM
9 (RLIN) 1325
Topical term or geographic name as entry element Teología dogmática
650 #4 - SUBJECT ADDED ENTRY--TOPICAL TERM
9 (RLIN) 1495
Topical term or geographic name as entry element Cristología
700 1# - ADDED ENTRY--PERSONAL NAME
9 (RLIN) 14517
Personal name Dagens, Claude,
Dates associated with a name 1940-
830 #0 - SERIES ADDED ENTRY--UNIFORM TITLE
Uniform title Cogitatio fidei ;
Volume number/sequential designation 265
9 (RLIN) 20627
942 ## - ADDED ENTRY ELEMENTS (KOHA)
Item type Monografías
Dati di copia
Withdrawn status Lost status Damaged status Not for loan Home library Current library Date acquired Total Checkouts Full call number Barcode Date last seen Price effective from Koha item type
        Iglesia Nacional Española en Roma Iglesia Nacional Española en Roma 27/11/2018   TEO 2196 53543 27/11/2018 27/11/2018 Monografías